00473nam a2200145Ia 4500003000400000005001700004008004100021040000900062082002100071100002300092245004000115260004000155300000900195650012300204OSt20220421065552.0211119s9999||||xx |||||||||||||| ||und|| csbcl a894.8124 bSAH-S aSahadevan, Pavumba 0aSwathanthriyathinte Thathwasasthram bPheonix BooksaKarunagappallyc2008 a192p a Literature & rhetoricvLiteratures of other languagesAltaic, Uralic, Hyperborean & Dravidian GeneraliaxGeneral stack